000
00336pab a2200145 454500
008
180718b1989 xxu||||| |||| 00| 0 eng d
100
_a
Chowdhry, Kamla
245
_a
Social forestry
_b
Roots of failure
260
_c
1989
300
_a
15-17,34
362
_a
1 Jul.
650
_a
Forests - India
773
_a
Mainstream
909
_a
9028
999
_c
9028
_d
9028